000 00733nam a2200205Ia 4500
003 GCL
008 140319s9999 xx 000 0 ara d
040 _aGCL /
_cGCL
082 0 4 _a606.025
_bا د
100 1 _aالادارة العامة للاحصاء العلمى
245 1 0 _aدليل مراكز وهيئات البحوث /
_cالادارة العامة للاحصاء العلمى
700 1 _aجمالات محمد الحفنى
300 _a558
490 _aكتاب
_v0
650 0 4 _aالجامعات والكليات
650 0 4 _aالادلة
650 0 4 _aاكاديمية البحث العلمى والتكنولوجيا
650 0 4 _aالجهاز المركزى للتعبئة العامة
942 _2ddc
_cBK
999 _c41474
_d41474